[Event "Asia-ch U20"]
[Site "Sri Lanka"]
[Date "2009.07.07"]
[Round "9"]
[White "Amarasena, Kaveesha"]
[Black "Hapuarachchi, HLM"]
[Result "1/2-1/2"]
[WhiteElo "1914"]
[BlackElo "2001"]
[PlyCount "60"]
[EventDate "2009.07.02"]
[EventType "swiss"]
[EventRounds "9"]
[EventCountry "SRI"]
[SourceTitle "EXT 2010"]
[Source "ChessBase"]
[SourceDate "2010.11.25"]
[SourceVersion "1"]
[SourceVersionDate "2010.11.25"]
[SourceQuality "1"]

1. e4 c5 2. Nf3 d6 3. d4 cxd4 4. Nxd4 Nf6 5. Nc3 g6 6. Be3 Bg7 7. f3 0-0 8. Qd2 Nc6 9. Bc4 Bd7 10. 0-0-0 Rc8 11. Bb3 a6 12. Rhe1 Ne5 13. Kb1 b5 14. Bh6 Bxh6 15. Qxh6 Rxc3 16. bxc3 a5 17. f4 Neg4 18. Qh4 a4 19. Bxf7+ Rxf7 20. e5 Nd5 21. e6 Nxc3+ 22. Kc1 Bxe6 23. Nxe6 Qa5 24. Qxg4 Nxa2+ 25. Kb2 Qc3+ 26. Kxa2 Qxc2+ 27. Ka1 Qc3+ 28. Kb1 Qb3+ 29. Ka1 Qa3+ 30. Kb1 Qb3+ 1/2-1/2

[Event "Wch U16"]
[Site "Vung Tau"]
[Date "2008.10.27"]
[Round "8"]
[White "Amarasena, Kaveesha"]
[Black "Bar, Andrey"]
[Result "1/2-1/2"]
[WhiteElo "1915"]
[BlackElo "2101"]
[PlyCount "60"]
[EventDate "2008.10.20"]
[EventType "swiss"]
[EventRounds "11"]
[EventCountry "VIE"]
[SourceTitle "EXT 2009"]
[Source "ChessBase"]
[SourceDate "2008.11.26"]
[SourceVersion "1"]
[SourceVersionDate "2008.11.26"]
[SourceQuality "1"]

1. d4 Nf6 2. c4 e6 3. Nf3 d5 4. Nc3 c6 5. Bg5 Be7 6. e3 0-0 7. Bd3 dxc4 8. Bxc4 b5 9. Bd3 Bb7 10. 0-0 a6 11. Bxf6 Bxf6 12. Ne4 Nd7 13. Qc2 h6 14. Rfd1 Qe7 15. Rac1 Rfd8 16. Nxf6+ Qxf6 17. Be4 Rac8 18. b4 e5 19. Bf5 exd4 20. Rxd4 Rc7 21. Rcd1 Qe7 22. Qd3 Bc8 23. Nd2 g6 24. Bh3 Kh7 25. Nb3 Ne5 26. Qc3 Nf3+ 27. gxf3 Bxh3 28. f4 Qh4 29. e4 Rxd4 30. Rxd4 Be6 1/2-1/2

[Event "Wch U16"]
[Site "Vung Tau"]
[Date "2008.10.21"]
[Round "2"]
[White "Kocheev, Aleksandr"]
[Black "Amarasena, Kaveesha"]
[Result "1-0"]
[WhiteElo "2114"]
[BlackElo "1915"]
[PlyCount "77"]
[EventDate "2008.10.20"]
[EventType "swiss"]
[EventRounds "11"]
[EventCountry "VIE"]
[SourceTitle "EXT 2009"]
[Source "ChessBase"]
[SourceDate "2008.11.26"]
[SourceVersion "1"]
[SourceVersionDate "2008.11.26"]
[SourceQuality "1"]

1. e4 e6 2. d4 d5 3. Nc3 Nf6 4. Bg5 dxe4 5. Nxe4 Be7 6. Bxf6 Bxf6 7. Nf3 Nd7 8. Bd3 0-0 9. Qd2 e5 10. d5 Re8 11. 0-0-0 a6 12. c4 Qe7 13. g4 g6 14. g5 Bg7 15. Qe3 b6 16. h4 f5 17. gxf6 Nxf6 18. Nfg5 h6 19. Nf3 Bf5 20. Rhg1 b5 21. Nfd2 Rab8 22. Nxf6+ Qxf6 23. Ne4 Qxh4 24. cxb5 axb5 25. Kb1 Qe7 26. f3 g5 27. Ka1 Rf8 28. Rc1 Qf7 29. Rc5 Rfd8 30. Bxb5 Bf8 31. d6 cxd6 32. Bc4 Be6 33. Nxg5 hxg5 34. Qxg5+ Kh8 35. Rh1+ Qh7 36. Rxh7+ Kxh7 37. Rc7+ Rd7 38. Qh5+ Bh6 39. Bxe6 1-0

[Event "World ol U16 07th"]
[Site "Mersin"]
[Date "2008.08.24"]
[Round "10"]
[White "Yuksel, Atilla Koksal"]
[Black "Amarasena, Kaveesha"]
[Result "1-0"]
[WhiteElo "1936"]
[BlackElo "1900"]
[PlyCount "37"]
[EventDate "2008.08.17"]
[EventType "team-swiss"]
[EventRounds "10"]
[EventCountry "TUR"]
[SourceTitle "CBM 126 Extra"]
[Source "ChessBase"]
[SourceDate "2008.11.05"]
[SourceVersion "1"]
[SourceVersionDate "2008.11.05"]
[SourceQuality "1"]

1. e4 e6 2. d4 d5 3. Nc3 Nf6 4. e5 Nfd7 5. f4 c5 6. Nf3 Nc6 7. Be3 a6 8. Qd2 cxd4 9. Nxd4 Bc5 10. h4 Nxd4 11. Bxd4 b5 12. 0-0-0 Qc7 13. Rh3 0-0 14. Rg3 Bb7 15. Re1 Rac8 16. f5 b4 17. f6 bxc3 18. Rxg7+ Kh8 19. Rxh7+ 1-0

[Event "World ol U16 07th"]
[Site "Mersin"]
[Date "2008.08.23"]
[Round "8"]
[White "Bodnaruk, Anastasia"]
[Black "Amarasena, Kaveesha"]
[Result "1-0"]
[WhiteElo "2394"]
[BlackElo "1900"]
[PlyCount "67"]
[EventDate "2008.08.17"]
[EventType "team-swiss"]
[EventRounds "10"]
[EventCountry "TUR"]
[SourceTitle "CBM 126 Extra"]
[Source "ChessBase"]
[SourceDate "2008.11.05"]
[SourceVersion "1"]
[SourceVersionDate "2008.11.05"]
[SourceQuality "1"]

1. e4 e6 2. d4 d5 3. Nc3 Nf6 4. e5 Nfd7 5. f4 c5 6. Nf3 Nc6 7. Be3 a6 8. Qd2 cxd4 9. Nxd4 Bc5 10. 0-0-0 0-0 11. h4 Nxd4 12. Bxd4 b5 13. f5 Bb7 14. Bxc5 Nxc5 15. Qf2 Nd7 16. Re1 Rc8 17. Bd3 b4 18. Nd1 Nc5 19. Rh3 Nxd3+ 20. Rxd3 exf5 21. Ne3 Qa5 22. Kb1 g6 23. g4 f4 24. Ng2 f3 25. Qxf3 Rc7 26. Qf2 Rfc8 27. Re2 Rc5 28. Nf4 Qa4 29. e6 f6 30. e7 Ra5 31. Qb6 Qxa2+ 32. Kc1 Qc4 33. e8Q+ Kg7 34. Re7+ 1-0

[Event "World ol U16 07th"]
[Site "Mersin"]
[Date "2008.08.22"]
[Round "7"]
[White "Gaehwiler, Gabriel"]
[Black "Amarasena, Kaveesha"]
[Result "0-1"]
[WhiteElo "2095"]
[BlackElo "1900"]
[PlyCount "116"]
[EventDate "2008.08.17"]
[EventType "team-swiss"]
[EventRounds "10"]
[EventCountry "TUR"]
[SourceTitle "CBM 126 Extra"]
[Source "ChessBase"]
[SourceDate "2008.11.05"]
[SourceVersion "1"]
[SourceVersionDate "2008.11.05"]
[SourceQuality "1"]

1. e4 e6 2. d4 d5 3. e5 c5 4. c3 Nc6 5. Nf3 Bd7 6. Be2 Nge7 7. Na3 cxd4 8. cxd4 Nf5 9. Nc2 Be7 10. g4 Nh4 11. Nxh4 Bxh4 12. 0-0 0-0 13. f4 f6 14. Be3 Be8 15. Kh1 Bg6 16. Bd3 Qe8 17. b4 fxe5 18. dxe5 Be7 19. b5 Na5 20. f5 exf5 21. gxf5 Bh5 22. Qd2 Nc4 23. Bxc4 dxc4 24. Qg2 Kh8 25. Nd4 Rg8 26. Ne6 Qxb5 27. Rab1 Qc6 28. Rxb7 Qxg2+ 29. Kxg2 Ba3 30. Nc7 Rab8 31. Rxa7 Bb2 32. e6 Be5 33. Nd5 Rb2+ 34. Rf2 c3 35. Ra4 Rc8 36. Bc1 Rb1 37. Be3 c2 38. Nb4 c1Q 39. Bxc1 Rbxc1 40. Nd3 Be8 41. Nxc1 Bxa4 42. Nd3 Bf6 43. Rf4 Rc2+ 44. Kh3 Rxa2 45. Nc5 Bc6 46. Nd7 Bxd7 47. exd7 Rd2 48. Re4 Kg8 49. Re8+ Kf7 50. Rh8 h6 51. Rc8 Rxd7 52. Kg4 Rd4+ 53. Kg3 Be5+ 54. Kh3 Rd2 55. Kg4 Rxh2 56. Ra8 Rd2 57. Ra7+ Kf6 58. Ra6+ Rd6 0-1

[Event "World ol U16 07th"]
[Site "Mersin"]
[Date "2008.08.18"]
[Round "2"]
[White "Amarasena, Kaveesha"]
[Black "Kazimova, Narmin Nizami Qizi"]
[Result "1/2-1/2"]
[WhiteElo "1900"]
[BlackElo "2148"]
[PlyCount "68"]
[EventDate "2008.08.17"]
[EventType "team-swiss"]
[EventRounds "10"]
[EventCountry "TUR"]
[SourceTitle "CBM 126 Extra"]
[Source "ChessBase"]
[SourceDate "2008.11.05"]
[SourceVersion "1"]
[SourceVersionDate "2008.11.05"]
[SourceQuality "1"]

1. d4 Nf6 2. c4 e6 3. Nf3 b6 4. a3 Bb7 5. Nc3 d5 6. cxd5 Nxd5 7. Qc2 Nxc3 8. Qxc3 Nd7 9. Bf4 Bd6 10. Bg3 0-0 11. e3 Rc8 12. Bd3 Nf6 13. Bh4 Be7 14. Qc2 h6 15. Rd1 Nh5 16. Bg3 Nxg3 17. hxg3 Qe8 18. Ke2 c5 19. dxc5 Rxc5 20. Qb1 Qa4 21. Rc1 Rd8 22. Rxc5 bxc5 23. Rd1 Kf8 24. Qc2 Qxc2+ 25. Bxc2 Ba6+ 26. Ke1 Rxd1+ 27. Bxd1 Bf6 28. b3 Bb2 29. a4 Bc3+ 30. Nd2 Bd3 31. Be2 Bc2 32. Bd1 Bd3 33. Be2 Bc2 34. Bd1 Bd3 1/2-1/2

[Event "Asia-ch U16"]
[Site "Tehran"]
[Date "2008.07.20"]
[Round "7"]
[White "Amarasena, Kaveesha"]
[Black "Pourramezanali, Amirreza"]
[Result "0-1"]
[WhiteElo "1900"]
[BlackElo "2098"]
[PlyCount "56"]
[EventDate "2008.07.16"]
[EventType "swiss"]
[EventRounds "9"]
[EventCountry "IRI"]
[SourceTitle "CBM 125 Extra"]
[Source "ChessBase"]
[SourceDate "2008.09.01"]
[SourceVersion "1"]
[SourceVersionDate "2008.09.01"]
[SourceQuality "1"]

1. d4 e6 2. e3 d5 3. Bd3 Nf6 4. Nd2 c5 5. c3 Nc6 6. f4 Bd6 7. g3 h5 8. Ngf3 Ng4 9. Qe2 f5 10. Ne5 Bxe5 11. fxe5 h4 12. Nf1 hxg3 13. Nxg3 Qh4 14. Qg2 cxd4 15. exd4 g5 16. Bd2 Bd7 17. 0-0-0 0-0-0 18. h3 Ngxe5 19. dxe5 Nxe5 20. Be1 Nxd3+ 21. Rxd3 Qc4 22. Qc2 Qxa2 23. Bf2 f4 24. Ne2 e5 25. Rdd1 Qa1+ 26. Qb1 Qxb1+ 27. Kxb1 Bxh3 28. Bxa7 Bf5+ 0-1

[Event "Asia-ch U16"]
[Site "Tehran"]
[Date "2008.07.18"]
[Round "4"]
[White "Amarasena, Kaveesha"]
[Black "Kavinda, Akila"]
[Result "0-1"]
[WhiteElo "1900"]
[BlackElo "2029"]
[PlyCount "30"]
[EventDate "2008.07.16"]
[EventType "swiss"]
[EventRounds "9"]
[EventCountry "IRI"]
[SourceTitle "CBM 125 Extra"]
[Source "ChessBase"]
[SourceDate "2008.09.01"]
[SourceVersion "1"]
[SourceVersionDate "2008.09.01"]
[SourceQuality "1"]

1. d4 Nf6 2. c4 g6 3. Nc3 d5 4. cxd5 Nxd5 5. e4 Nxc3 6. bxc3 Bg7 7. Bc4 c5 8. Ne2 Nc6 9. Be3 cxd4 10. cxd4 Qa5+ 11. Bd2 Qa3 12. Rb1 0-0 13. d5 Ne5 14. Bb4 Qf3 15. gxf3 Nxf3+ 0-1

[Event "Asia-ch U16"]
[Site "Tehran"]
[Date "2008.07.16"]
[Round "1"]
[White "Amarasena, Kaveesha"]
[Black "Saeed, Ishaq"]
[Result "0-1"]
[WhiteElo "1900"]
[BlackElo "2219"]
[PlyCount "52"]
[EventDate "2008.07.16"]
[EventType "swiss"]
[EventRounds "9"]
[EventCountry "IRI"]
[SourceTitle "CBM 125 Extra"]
[Source "ChessBase"]
[SourceDate "2008.09.01"]
[SourceVersion "1"]
[SourceVersionDate "2008.09.01"]
[SourceQuality "1"]

1. d4 d5 2. c4 c6 3. Nc3 Nf6 4. Bg5 e6 5. cxd5 exd5 6. e3 Bf5 7. Nf3 Qb6 8. Qb3 Nbd7 9. Bxf6 Nxf6 10. Nd2 Bd6 11. Be2 0-0 12. 0-0 Qc7 13. h3 Qe7 14. Bf3 Rae8 15. Rac1 Ne4 16. Bxe4 dxe4 17. Rfd1 Qh4 18. Kf1 Re6 19. Nc4 Bh2 20. d5 Rg6 21. Qc2 b5 22. Na5 b4 23. Na4 Bxh3 24. Nxc6 Rxg2 25. Ke1 Rg1+ 26. Ke2 Bg4+ 0-1